[Event "Titled Tue 17th Jun Early"]
[Site "chess.com INT"]
[Date "2025.06.17"]
[Round "3"]
[White "Corona Monraz, Ramiro"]
[Black "Yonal, Timur"]
[Result "1/2-1/2"]
[BlackTitle "FM"]
[WhiteElo "1969"]
[BlackElo "2170"]
[WhiteFideId "5107717"]
[BlackFideId "44115725"]
[EventDate "2025.06.17"]

1. b4 d5 2. Bb2 Nf6 3. e3 a5 4. b5 e6 5. f4 c5 6. Nf3 Be7 7. c4 Nbd7 8. Qc2 Nb6
9. d3 O-O 10. Ne5 d4 11. e4 Nbd7 12. Nxd7 Bxd7 13. Be2 e5 14. f5 Ne8 15. O-O Nd6
16. Rf3 Bg5 17. Bc1 Bxc1 18. Qxc1 f6 19. Rh3 Qe7 20. Bh5 g6 21. Rg3 g5 22. Rh3
Be8 23. Bxe8 Rfxe8 24. Qd1 Qg7 25. Qh5 Re7 26. Nd2 b6 27. a4 Rf7 28. Rf1 Kf8 29.
Qg4 Ke7 30. Rh5 Rh8 31. Rf3 Rff8 32. Rfh3 Nf7 33. Nf3 Kd7 34. Rg3 Ke7 35. Qh3 h6
36. Nh4 Rh7 37. Ng6+ Kd7 38. Nxf8+ Qxf8 39. Qg4 Qe7 40. Qe2 Rh8 41. h4 Rh7 42.
hxg5 Nxg5 43. Qg4 Qg7 44. Qh4 Qf8 45. Kf2 Ke7 46. Rg4 Kd7 47. Qh2 Kd6 48. Rgh4
Nf7 49. Qg3 Ng5 50. Qh2 Nf7 51. Qg3 Ng5 52. Qh2 1/2-1/2

[Event "Titled Tue 17th Jun Early"]
[Site "chess.com INT"]
[Date "2025.06.17"]
[Round "3"]
[White "Huh, Isaak"]
[Black "Wartiovaara, Oliver"]
[Result "1-0"]
[WhiteTitle "CM"]
[BlackTitle "FM"]
[WhiteElo "2139"]
[BlackElo "2323"]
[WhiteFideId "13209590"]
[BlackFideId "513024"]
[EventDate "2025.06.17"]

1. Nf3 d6 2. g3 f5 3. d4 Nf6 4. Bg5 Nbd7 5. Bg2 h6 6. Bc1 g6 7. Nh4 Kf7 8. d5
Ne5 9. b3 g5 10. Nf3 Nxf3+ 11. exf3 Bg7 12. Bb2 Re8 13. O-O Kg8 14. c4 e5 15.
dxe6 Bxe6 16. Nc3 c6 17. Qd2 d5 18. cxd5 Nxd5 19. Nxd5 Qxd5 20. Qc1 Rad8 21.
Bxg7 Kxg7 22. f4 Qd2 23. fxg5 Qxc1 24. Raxc1 hxg5 25. Rfd1 Kf6 26. Bf1 Rxd1 27.
Rxd1 Bd5 28. Bc4 Bf3 29. Rd6+ Ke5 30. Rd7 b5 31. Bf7 Rf8 32. h4 g4 33. h5 Kf6
34. Bg6 a5 35. Kf1 a4 36. Ke1 axb3 37. axb3 c5 38. Kd2 c4 39. bxc4 bxc4 40. Kc3
Kg5 41. Kxc4 f4 42. Rf7 Rc8+ 43. Kd4 fxg3 44. fxg3 Rc1 45. Ke3 Rg1 46. Rf5+ Kh6
47. Kf4 Rf1 48. Ra5 Bd1+ 49. Ke5 Rf3 50. Rd5 Be2 51. Rd7 Rxg3 52. Kf6 Rf3+ 53.
Bf5 Rxf5+ 54. Kxf5 g3 55. Rd8 Bg4+ 56. Kxg4 g2 57. Rd1 1-0

[Event "Titled Tue 17th Jun Early"]
[Site "chess.com INT"]
[Date "2025.06.17"]
[Round "3"]
[White "Gibala, Adam"]
[Black "Askarov, Bakhtiyar"]
[Result "0-1"]
[WhiteTitle "CM"]
[BlackTitle "IM"]
[WhiteElo "2245"]
[BlackElo "2297"]
[WhiteFideId "21070288"]
[BlackFideId "13701100"]
[EventDate "2025.06.17"]

1. Nf3 Nf6 2. g3 d5 3. Bg2 Bf5 4. O-O e6 5. c4 c6 6. d3 Be7 7. Qb3 Qb6 8. Be3
Qa6 9. Nbd2 Nbd7 10. Nh4 Bg4 11. Rfe1 O-O 12. h3 Bh5 13. g4 Ne8 14. Nhf3 Bg6 15.
d4 Nd6 16. Rac1 f5 17. Bg5 Rae8 18. Bxe7 Rxe7 19. Ne5 fxg4 20. Nxg6 hxg6 21.
hxg4 Nf6 22. Qg3 Nxc4 23. Nxc4 dxc4 24. a3 Qb6 25. Rxc4 Qxb2 26. Rb4 Qd2 27.
Rbb1 Qxd4 28. Bf3 g5 29. e3 Qd8 30. Kg2 Qc7 31. Qh3 g6 32. Rh1 Rh7 33. Qg3 Qxg3+
34. Kxg3 Rxh1 35. Bxh1 Rf7 36. a4 a5 37. Bf3 Nd5 38. Rd1 Kg7 39. Rd3 Rc7 40. Be4
Kf6 41. Kf3 Rd7 42. Ke2 Nb6 43. Rxd7 Nxd7 44. f4 gxf4 45. exf4 g5 46. Ke3 Nc5
47. fxg5+ Kxg5 48. Bf3 Nxa4 49. Kd4 b5 50. Ke5 b4 51. Kxe6 b3 0-1

[Event "Titled Tue 17th Jun Early"]
[Site "chess.com INT"]
[Date "2025.06.17"]
[Round "3"]
[White "Danila, Tudor-Gabriel"]
[Black "Karttunen, Mika"]
[Result "1-0"]
[WhiteTitle "CM"]
[BlackTitle "IM"]
[WhiteElo "2178"]
[BlackElo "2490"]
[WhiteFideId "1274244"]
[BlackFideId "502081"]
[EventDate "2025.06.17"]

1. e4 e5 2. Nf3 Nc6 3. Bc4 Bc5 4. b4 Bxb4 5. c3 Be7 6. d4 Na5 7. Be2 d6 8. Qa4+
c6 9. dxe5 dxe5 10. Nxe5 Nf6 11. O-O O-O 12. Bf4 b5 13. Qc2 Qb6 14. Nd2 Be6 15.
Nb3 Nxb3 16. axb3 a5 17. Be3 Qb7 18. c4 b4 19. f3 c5 20. Rfd1 Ra6 21. Bf1 Rfa8
22. Qf2 Qc7 23. Nd3 Nd7 24. f4 f5 25. exf5 Bxf5 26. Nb2 Bf6 27. Rac1 Bxb2 28.
Qxb2 a4 29. bxa4 Rxa4 30. Rd5 Ra2 31. Qb3 R8a3 32. Qd1 Be6 33. Rd6 Rxe3 34. f5
Bxf5 35. Qd5+ Kh8 36. Rc6 Qd8 37. Qxf5 Qe8 38. Rd1 Re7 39. Rc7 Nf8 40. Rc8 g6
41. Rxe8 Rxe8 42. Qf6+ Kg8 43. Rd8 Rxd8 44. Qxd8 b3 45. Qd5+ Kg7 46. Qe5+ Kg8
47. Bd3 Rd2 48. Be4 b2 49. Bd5+ Rxd5 50. Qxd5+ Ne6 51. Qxe6+ Kf8 52. Qf6+ Ke8
53. Qxb2 1-0

[Event "Titled Tue 17th Jun Early"]
[Site "chess.com INT"]
[Date "2025.06.17"]
[Round "3"]
[White "Sreyas, Payyappat"]
[Black "Jaiveer, Mahendru"]
[Result "1-0"]
[WhiteTitle "FM"]
[BlackTitle "FM"]
[WhiteElo "2107"]
[BlackElo "2217"]
[WhiteFideId "46674969"]
[BlackFideId "25611151"]
[EventDate "2025.06.17"]

1. e4 c5 2. Nf3 d6 3. d4 cxd4 4. Nxd4 Nf6 5. Nc3 Nc6 6. Be2 Bd7 7. O-O g6 8. Be3
Bg7 9. f4 O-O 10. Bf3 Rc8 11. Qd3 Ng4 12. Nxc6 bxc6 13. Bd4 e5 14. Bxa7 Qc7 15.
Be3 Rb8 16. Bxg4 Bxg4 17. f5 gxf5 18. exf5 d5 19. f6 e4 20. Qd2 Bh8 21. Bc5 Bh5
22. Ne2 Bg6 23. Nd4 Rfe8 24. Qg5 e3 25. Nf5 h5 26. Nh4 Kh7 27. Nxg6 fxg6 28. f7
Re5 29. Qf4 e2 30. Rfe1 Bg7 31. Bd4 Rf5 32. Qxc7 Bxd4+ 33. Kh1 Rf8 34. c3 R8xf7
35. Qxf7+ Rxf7 36. cxd4 Rf4 37. Kg1 Rxd4 38. Rxe2 Rc4 39. Rae1 d4 40. Rd2 Kh6
41. Red1 c5 42. Kf2 Rb4 43. Ke2 Kg5 44. Kd3 Kf4 45. Rf2+ Kg4 46. Ke4 h4 47. a3
Rb3 48. Kd5 h3 49. gxh3+ Kxh3 50. Kxc5 1-0

[Event "Titled Tue 17th Jun Early"]
[Site "chess.com INT"]
[Date "2025.06.17"]
[Round "3"]
[White "Ng, Gary"]
[Black "Luong Phuong Hanh"]
[Result "1-0"]
[WhiteTitle "FM"]
[BlackTitle "WIM"]
[WhiteElo "2234"]
[BlackElo "2121"]
[WhiteFideId "2604914"]
[BlackFideId "12401013"]
[EventDate "2025.06.17"]

1. Nf3 Nf6 2. c4 g6 3. b3 Bg7 4. Bb2 d6 5. g3 e5 6. Bg2 O-O 7. O-O Nc6 8. d4 Bf5
9. dxe5 Ng4 10. Qd2 Ngxe5 11. Nxe5 dxe5 12. Rd1 Qe7 13. Nc3 Rad8 14. Nd5 Qd7 15.
e4 Bg4 16. f3 Be6 17. Qf2 Nd4 18. Rd2 c6 19. Ne3 Qc7 20. Rad1 a5 21. f4 exf4 22.
gxf4 c5 23. f5 Bc8 24. Nd5 Rxd5 25. cxd5 a4 26. f6 Bh6 27. Bxd4 cxd4 28. Rxd4
axb3 29. axb3 Qc3 30. R4d3 Qe5 31. Qd4 Qxd4+ 32. Rxd4 Be3+ 33. Kf1 Bxd4 34. Rxd4
Bd7 35. Rb4 b5 36. Kf2 Rc8 37. Bf1 Rc2+ 38. Kg3 Rc3+ 39. Kf4 Rc5 40. Ke5 Rc8 41.
Kd6 Bg4 42. Rxb5 h5 43. Bc4 Rd8+ 44. Ke7 Rd7+ 45. Ke8 Rd6 46. e5 Ra6 47. Rb7
Ra8+ 48. Ke7 Bf3 49. e6 fxe6 50. f7+ Kg7 51. dxe6 Bxb7 52. Bb5 Bd5 53. Be8 Ra7+
54. Kd6 Bxb3 55. Bd7 Bxe6 56. Bxe6 Kf8 57. Ke5 Ra2 58. Bxa2 g5 59. Kf5 1-0

[Event "Titled Tue 17th Jun Early"]
[Site "chess.com INT"]
[Date "2025.06.17"]
[Round "3"]
[White "Murawski, Jan"]
[Black "Zebracki, Tomasz"]
[Result "0-1"]
[WhiteTitle "CM"]
[BlackTitle "FM"]
[WhiteElo "2164"]
[BlackElo "2230"]
[WhiteFideId "21009287"]
[BlackFideId "1181521"]
[EventDate "2025.06.17"]

1. c4 c5 2. Nf3 Nf6 3. d4 cxd4 4. Nxd4 d5 5. cxd5 Nxd5 6. e4 Nf6 7. e5 Qa5+ 8.
Nc3 Qxe5+ 9. Be2 Bd7 10. O-O Nc6 11. Nf3 Qa5 12. Bd2 a6 13. Bc4 e6 14. Qb3 Qc7
15. Rfe1 Na5 16. Bxe6 Nxb3 17. Bxb3+ Be7 18. Ng5 Be6 19. Nxe6 fxe6 20. Bxe6 Rd8
21. Bg5 Qa5 22. Bh4 Kf8 23. Re2 g5 24. Bg3 Bd6 25. Rf1 Bxg3 26. fxg3 Kg7 27. b4
Qb6+ 28. Kh1 Rhe8 29. Ne4 Nxe4 30. Rxe4 Rxe6 31. Rg4 h6 32. h4 Rf6 33. Rg1 Qe6
34. hxg5 Qxg4 35. gxf6+ Kxf6 36. Rf1+ Kg7 37. Rf4 Rd1+ 38. Kh2 Qh5+ 39. Rh4
Qxh4+ 40. gxh4 Rd4 41. h5 Rxb4 42. Kg3 Rb2 43. Kf3 Rxa2 44. g4 Rc2 45. Kf4 Rc5
46. Ke4 b5 47. Kd4 Rg5 48. Kd3 Rxg4 49. Kd2 Rg5 50. Ke2 Kf6 51. Ke3 Ke5 52. Kd3
b4 53. Kd2 Rg3 54. Ke2 Ke4 55. Kd2 Rg2+ 56. Kc1 Kd3 57. Kb1 Kc3 58. Ka1 Kb3 59.
Kb1 Rg1# 0-1

[Event "Titled Tue 17th Jun Early"]
[Site "chess.com INT"]
[Date "2025.06.17"]
[Round "3"]
[White "Dudin, Gleb"]
[Black "Jasinski, Alexander"]
[Result "1/2-1/2"]
[WhiteTitle "GM"]
[WhiteElo "2574"]
[BlackElo "1989"]
[WhiteFideId "34184934"]
[BlackFideId "55627994"]
[EventDate "2025.06.17"]

1. Nf3 Nf6 2. b3 g6 3. Bb2 Bg7 4. g3 O-O 5. Bg2 d6 6. O-O c5 7. c4 Nc6 8. d4
cxd4 9. Nxd4 Bd7 10. Nc3 Nxd4 11. Qxd4 Bc6 12. Rfd1 Ne4 13. Qd3 Nxc3 14. Bxc3
Bxc3 15. Qxc3 Bxg2 16. Kxg2 Qc7 17. a4 a6 18. a5 b5 19. axb6 Qxb6 20. b4 Rfb8
21. Rdb1 Ra7 22. h4 Rab7 23. h5 Qc6+ 24. f3 Rc8 25. h6 f6 26. Qe3 Kf7 27. Qd2
Rcb8 28. Qc3 Rc8 29. Rc1 Rcb8 30. Rab1 Qd7 31. g4 Qe6 32. Qd2 Rc7 33. Qd3 Rbc8
34. Ra1 Rxc4 35. Rxc4 Qxc4 36. Qe3 Qxb4 37. Rxa6 Qc4 38. Ra7 Qe6 39. Qd2 Qc4 40.
g5 fxg5 41. Qb2 Qc3 42. Qb7 Re8 43. Qd5+ Kf6 44. Qb5 Qe3 45. Qxe8 Qxe2+ 46. Kg3
Qe1+ 47. Kg2 Qe2+ 48. Kg1 Qe3+ 49. Kg2 Qxa7 50. Qh8+ Kf5 51. Qxh7 Qa2+ 52. Kg3
Qe6 53. Qg7 Qe1+ 54. Kg2 Qe2+ 55. Kg3 Qe1+ 56. Kg2 Qe2+ 57. Kg1 Qe1+ 58. Kg2 1/2-1/2

[Event "Titled Tue 17th Jun Early"]
[Site "chess.com INT"]
[Date "2025.06.17"]
[Round "3"]
[White "Matveeva, Olga"]
[Black "Rubes, Jan"]
[Result "1/2-1/2"]
[WhiteTitle "WIM"]
[BlackTitle "IM"]
[WhiteElo "2177"]
[BlackElo "2426"]
[WhiteFideId "24107018"]
[BlackFideId "338176"]
[EventDate "2025.06.17"]

1. d4 Nf6 2. c4 e6 3. g3 d5 4. Nf3 Bb4+ 5. Bd2 Be7 6. Bg2 O-O 7. O-O Nbd7 8. Qc2
c6 9. b3 a5 10. Nc3 b6 11. Rfd1 Ba6 12. Ne5 Rc8 13. e4 c5 14. Nxd7 Nxd7 15. dxc5
d4 16. Nb5 Nxc5 17. e5 Bxb5 18. cxb5 d3 19. Qc4 Qd7 20. Be3 Rfd8 21. Bc6 Qc7 22.
Bxc5 Bxc5 23. Rxd3 Qxe5 24. Rad1 Rxd3 25. Qxd3 h5 26. Qe4 Qf6 27. Qf3 Qxf3 28.
Bxf3 g6 29. Rd7 Kg7 30. Bc6 g5 31. Kg2 g4 32. f3 Kf6 33. h3 gxf3+ 34. Kxf3 Rg8
35. g4 hxg4+ 36. hxg4 Rh8 37. g5+ Kg7 38. Be4 Rh3+ 39. Kg4 Re3 40. Bd3 Kf8 41.
g6 fxg6 42. Bxg6 Re2 43. a4 Rb2 44. Rf7+ Kg8 45. Rb7 Rxb3 46. Bf7+ Kf8 47. Bxe6
Rb4+ 48. Kf5 Rxa4 49. Rf7+ Ke8 50. Rb7 Rb4 51. Bd7+ Kd8 52. Bc6 a4 53. Ra7 Rd4
54. Ke6 a3 55. Ra8+ Kc7 56. Ra7+ Kb8 57. Ra8+ Kc7 58. Ra7+ Kb8 59. Ra8+ Kc7 1/2-1/2

[Event "Titled Tue 17th Jun Early"]
[Site "chess.com INT"]
[Date "2025.06.17"]
[Round "3"]
[White "Skliarov, Viktor"]
[Black "Galperin, Platon"]
[Result "1-0"]
[WhiteTitle "IM"]
[BlackTitle "GM"]
[WhiteElo "2334"]
[BlackElo "2500"]
[WhiteFideId "14106736"]
[BlackFideId "14165414"]
[EventDate "2025.06.17"]

1. e4 c6 2. d4 d5 3. e5 c5 4. dxc5 e6 5. a3 Bxc5 6. b4 Be7 7. Qg4 Kf8 8. Nf3 Nc6
9. Bb2 h5 10. Qf4 g5 11. Qe3 g4 12. Nd4 Bg5 13. Qe2 Nge7 14. Nxc6 Nxc6 15. Nd2
Bd7 16. g3 Qb6 17. f4 gxf3 18. Nxf3 Be3 19. Bh3 a5 20. b5 Ne7 21. a4 Rc8 22. Ra3
d4 23. Rxe3 dxe3 24. O-O Rg8 25. Bd4 Qc7 26. c3 Nd5 27. Nh4 Rg5 28. Nf3 Rg7 29.
Nh4 Rh7 30. Ng6+ Ke8 31. Nf4 Nxc3 32. Qxe3 Nxa4 33. b6 Qc2 34. Bg2 Bc6 35. Rf2
Qb1+ 36. Rf1 Qc2 37. Rf2 Qb1+ 38. Rf1 Qb4 39. Nh3 Bxg2 40. Kxg2 Qb5 41. Ng5 Rg7
42. h4 Rc2+ 43. Rf2 Rxf2+ 44. Qxf2 Qc6+ 45. Kh2 Qd7 46. Qf6 Rg8 47. Be3 Nc3 48.
Qf4 Nd5 49. Qd4 Nxe3 50. Qxe3 Qc6 51. Ne4 1-0

[Event "Titled Tue 17th Jun Early"]
[Site "chess.com INT"]
[Date "2025.06.17"]
[Round "3"]
[White "Krylov, Ivan"]
[Black "Tarnowska, Aleksandra"]
[Result "1-0"]
[WhiteTitle "FM"]
[BlackTitle "WCM"]
[WhiteElo "2426"]
[BlackElo "1882"]
[WhiteFideId "24128066"]
[BlackFideId "1180967"]
[EventDate "2025.06.17"]

1. d4 d5 2. c4 e6 3. Nf3 Nf6 4. g3 Be7 5. Bg2 O-O 6. O-O b6 7. Nc3 c6 8. Qd3 Ba6
9. b3 Nbd7 10. Rd1 Rc8 11. e4 dxe4 12. Nxe4 Nxe4 13. Qxe4 Nf6 14. Qe2 Nd5 15.
Bb2 Bf6 16. Ne5 Ne7 17. Qe3 Qc7 18. Rac1 Bxe5 19. dxe5 Rfd8 20. Ba3 c5 21. Bb2
Ng6 22. h4 Bb7 23. h5 Ne7 24. Rd6 Nf5 25. Rxd8+ Rxd8 26. Qf4 Bxg2 27. Kxg2 Qc6+
28. Kh2 h6 29. g4 Nd4 30. Qe3 Nf3+ 31. Kg3 Ng5 32. Re1 Nh7 33. f4 Qd7 34. Bc3
Qe7 35. Re2 Rd7 36. Rd2 Qd8 37. Kf3 Nf8 38. Ke2 Qh4 39. Qf3 Qh2+ 40. Kd1 Qg1+
41. Kc2 Rxd2+ 42. Bxd2 Qd4 43. Bc3 Qg1 44. f5 Qh2+ 45. Kd3 exf5 46. gxf5 Nd7 47.
Qe3 Nf8 48. e6 Qd6+ 49. Kc2 fxe6 50. f6 gxf6 51. Qxh6 Kf7 52. Qxf6+ Ke8 53. h6
Qh2+ 54. Bd2 Qh5 55. Qg7 Qf5+ 56. Kb2 Nd7 57. a4 Nf8 58. Bc3 Qf2+ 59. Ka3 Qf5
60. Bf6 1-0

[Event "Titled Tue 17th Jun Early"]
[Site "chess.com INT"]
[Date "2025.06.17"]
[Round "3"]
[White "Bold, Andre"]
[Black "Stemmler, Fabian"]
[Result "1/2-1/2"]
[WhiteTitle "CM"]
[BlackTitle "CM"]
[WhiteElo "2235"]
[BlackElo "2190"]
[WhiteFideId "16208471"]
[BlackFideId "12964808"]
[EventDate "2025.06.17"]

1. d4 Nf6 2. Nf3 g6 3. c4 Bg7 4. Nc3 O-O 5. e4 d6 6. Be2 e5 7. d5 a5 8. Bg5 Na6
9. Nd2 Nc5 10. f3 h6 11. Bh4 Bd7 12. a3 a4 13. Qc2 Qe8 14. O-O-O Nh5 15. Bf2 b6
16. Kb1 Nf4 17. Bf1 Qb8 18. g3 Nh5 19. Nb5 f5 20. Bxc5 bxc5 21. Bd3 fxe4 22.
Nxe4 Rxf3 23. Nec3 Bf5 24. Bxf5 gxf5 25. Rdf1 e4 26. g4 fxg4 27. Nxe4 Qf8 28.
Rxf3 Qxf3 29. Rc1 Rb8 30. Nec3 Nf4 31. Qxa4 Ne2 32. Nxe2 Qxe2 33. Rc2 Qd1+ 34.
Ka2 h5 35. Qa7 Qxc2 36. Qxb8+ Kh7 37. Nxc7 Qxc4+ 38. Qb3 Qxb3+ 39. Kxb3 h4 40.
Ne6 g3 41. hxg3 hxg3 42. Nf4 Kh6 43. Kc4 Kg5 44. Ne2 Kg4 45. a4 Bxb2 46. a5 g2
47. a6 Kf3 48. Ng1+ Kf2 49. a7 Kxg1 50. a8=Q Bd4 51. Qg8 Kf1 52. Qf7+ Bf2 53.
Qh5 g1=Q 54. Qd1+ Kg2 55. Qg4+ Kf1 56. Qd1+ Kg2 57. Qg4+ Kh2 58. Qh5+ Kg2 59.
Qg4+ 1/2-1/2

[Event "Titled Tue 17th Jun Early"]
[Site "chess.com INT"]
[Date "2025.06.17"]
[Round "3"]
[White "Tovmasian, Vardges"]
[Black "Sanal, Vahap"]
[Result "0-1"]
[WhiteTitle "IM"]
[BlackTitle "GM"]
[WhiteElo "2352"]
[BlackElo "2564"]
[WhiteFideId "13302736"]
[BlackFideId "6300545"]
[EventDate "2025.06.17"]

1. e4 e5 2. Nf3 Nc6 3. Nc3 Nf6 4. d4 exd4 5. Nxd4 Bb4 6. Nxc6 bxc6 7. Bd3 d5 8.
exd5 O-O 9. O-O cxd5 10. Bg5 c6 11. Qf3 Bd6 12. Rae1 Rb8 13. Nd1 h6 14. Bxf6
Qxf6 15. Qxf6 gxf6 16. b3 a5 17. a4 Bd7 18. Ne3 Rfe8 19. Nf5 Bf8 20. Re3 Re5 21.
Rg3+ Kh8 22. Rf3 Rbe8 23. h3 Re1 24. g4 R8e5 25. Kg2 c5 26. Rxe1 Rxe1 27. Ne3 d4
28. Nd5 Re5 29. Bc4 f5 30. Kf1 Kg7 31. gxf5 Bxf5 32. Rg3+ Kh8 33. Nf6 Bg7 34.
Nh5 Bg6 35. Nxg7 Kxg7 36. Bd3 Kf6 37. f4 Rd5 38. Ke2 h5 39. h4 Rd6 40. Bxg6 fxg6
41. Rg5 Re6+ 42. Kd2 Re4 43. Rxc5 Rxf4 44. Rxa5 Rxh4 45. Rd5 Rh1 46. a5 Ra1 47.
b4 h4 48. Rxd4 g5 49. Rd6+ Kf5 50. a6 h3 51. Ke3 h2 52. Rh6 h1=Q 53. Rxh1 Rxh1
54. b5 Ra1 55. Kd4 g4 56. c4 g3 57. Ke3 g2 0-1

[Event "Titled Tue 17th Jun Early"]
[Site "chess.com INT"]
[Date "2025.06.17"]
[Round "3"]
[White "Ristic, Nebojsa M"]
[Black "Bruhovich, Olexandr"]
[Result "1/2-1/2"]
[WhiteTitle "IM"]
[BlackTitle "CM"]
[WhiteElo "2248"]
[BlackElo "2208"]
[WhiteFideId "900850"]
[BlackFideId "14119919"]
[EventDate "2025.06.17"]

1. d4 Nf6 2. Bf4 d5 3. e3 e6 4. Nf3 c5 5. c3 Nc6 6. Nbd2 Be7 7. h3 O-O 8. Bd3 b6
9. Qe2 Bb7 10. Rd1 Rc8 11. O-O Na5 12. dxc5 bxc5 13. e4 Qb6 14. e5 Ne4 15. Nxe4
dxe4 16. Bxe4 Bxe4 17. Qxe4 Qxb2 18. Rd7 Nc6 19. Bg5 Bxg5 20. Nxg5 g6 21. Qh4 h5
22. Qg3 Qc2 23. Rfd1 Qf5 24. f4 Rcd8 25. Qf3 Rxd7 26. Rxd7 Nxe5 27. fxe5 Qxg5
28. Rxa7 Qxe5 29. a4 Qf5 30. Qxf5 gxf5 31. a5 Rb8 32. Rc7 Rb5 33. a6 Ra5 34. a7
Kg7 35. Kf2 Kf6 36. Ke3 e5 37. Kd3 Ke6 38. Kc4 f6 39. Rh7 e4 40. Rxh5 Rxa7 41.
Kxc5 Rc7+ 42. Kd4 Rd7+ 43. Ke3 Ke5 44. c4 Rd3+ 45. Ke2 Rc3 46. g4 Rc2+ 47. Ke3
Rc3+ 48. Ke2 Rxc4 49. Rxf5+ Ke6 50. h4 Ra4 51. h5 e3 52. Kf3 e2 53. Kxe2 Rxg4
54. Ra5 Rg5 55. Rxg5 fxg5 56. Kf3 Kf5 57. Kg3 g4 58. h6 Kg6 59. h7 Kxh7 60. Kxg4 1/2-1/2

[Event "Titled Tue 17th Jun Early"]
[Site "chess.com INT"]
[Date "2025.06.17"]
[Round "3"]
[White "Beerdsen, Thomas"]
[Black "Purtseladze, Maka"]
[Result "0-1"]
[WhiteTitle "GM"]
[BlackTitle "IM"]
[WhiteElo "2538"]
[BlackElo "2261"]
[WhiteFideId "1030108"]
[BlackFideId "13602659"]
[EventDate "2025.06.17"]

1. e4 c6 2. d3 d5 3. Nf3 dxe4 4. Ng5 Nf6 5. Nc3 Bf5 6. dxe4 Qxd1+ 7. Kxd1 Bc8 8.
Bc4 e6 9. Ke2 Bb4 10. e5 Nd5 11. Nce4 Nd7 12. f4 N7b6 13. Bb3 a5 14. c4 a4 15.
cxd5 cxd5 16. Bd2 Be7 17. Bc2 h6 18. Nf3 dxe4 19. Bxe4 Bd7 20. Rhd1 Bb5+ 21. Kf2
Bc5+ 22. Kg3 Nd5 23. Bxd5 exd5 24. Rac1 b6 25. a3 O-O 26. Bb4 Bxb4 27. axb4 Bc4
28. Nd2 b5 29. Nxc4 dxc4 30. Rd5 Rfb8 31. f5 a3 32. bxa3 Rxa3+ 33. Kh4 Ra2 34.
Kh3 Rb2 35. Rcd1 Rxb4 36. Rd8+ Rxd8 37. Rxd8+ Kh7 38. Rf8 Rb3+ 39. Kh4 c3 40. e6
c2 41. Rc8 Rb4+ 42. g4 fxe6 43. fxe6 Rc4 44. Rxc4 bxc4 45. e7 c1=Q 46. e8=Q Qg5+
47. Kg3 Qc5 48. Qe4+ Kg8 49. Qe8+ Qf8 50. Qc6 Qf7 51. h4 g6 52. Qa8+ Kg7 53. Qc6
h5 54. g5 Kh7 55. Kh3 Kg7 56. Kg3 Kh7 57. Qc5 Kg8 58. Qd4 Kf8 59. Qh8+ Ke7 60.
Qe5+ Kd7 61. Qb5+ Kd6 62. Qb8+ Kd5 63. Qd8+ Ke4 64. Qa8+ Qd5 65. Qe8+ Qe5+ 66.
Qxe5+ Kxe5 67. Kf3 Kf5 68. Ke3 Kg4 69. Kd4 Kxh4 70. Kxc4 Kxg5 71. Kd3 Kg4 72.
Ke2 Kg3 73. Kf1 Kh2 74. Kf2 g5 75. Kf3 g4+ 76. Kf4 g3 77. Kg5 g2 78. Kh4 g1=Q
79. Kxh5 Qg3 80. Kh6 Kg2 81. Kh5 Kf3 82. Kh6 Kf4 83. Kh5 Kf5 84. Kh6 Kf6 85. Kh5
Qg5# 0-1

[Event "Titled Tue 17th Jun Early"]
[Site "chess.com INT"]
[Date "2025.06.17"]
[Round "3"]
[White "Mikhalsky, Vladimir"]
[Black "Antonio, Jorge Carlos"]
[Result "1/2-1/2"]
[BlackTitle "FM"]
[WhiteElo "2219"]
[BlackElo "2277"]
[WhiteFideId "14144352"]
[BlackFideId "113190"]
[EventDate "2025.06.17"]

1. d4 d5 2. c4 c5 3. cxd5 cxd4 4. Qxd4 Nf6 5. Nc3 e6 6. e4 exd5 7. exd5 Nbd7 8.
Qe3+ Qe7 9. Nf3 Qxe3+ 10. Bxe3 Bb4 11. Bc4 Nb6 12. Bxb6 axb6 13. O-O O-O 14. Nb5
Bd7 15. a3 Bc5 16. b4 Bxb5 17. Bxb5 Bd6 18. Rfd1 Ne4 19. Rd3 Bxb4 20. a4 Bc5 21.
Rf1 Nd6 22. Rb1 Nxb5 23. axb5 Ra2 24. Nd2 Rfa8 25. g3 R8a3 26. Rxa3 Rxa3 27. Ne4
f5 28. Nxc5 bxc5 29. Rd1 Kf7 30. d6 Ke8 31. d7+ Kd8 32. b6 Ra6 33. Rd6 Ra5 34.
Kf1 c4 35. Ke1 Rc5 36. Kd2 c3+ 37. Kc2 g6 38. h4 Rc4 39. Rd3 Rc6 40. Rxc3 Rxb6
41. Rc8+ Kxd7 42. Rh8 h5 43. Rh7+ Kc6 44. Kd3 Kd5 45. Rd7+ Ke6 46. Rg7 Kf6 47.
Rc7 Rb3+ 48. Kc2 Rb4 49. Kc3 Rb1 50. Kd2 b5 51. f4 Rb3 52. Rb7 Rxg3 53. Rb6+ Kg7
54. Rxb5 Rg4 55. Ke3 Rxh4 56. Kf3 Rh3+ 57. Kg2 Ra3 58. Rb7+ Kh6 59. Rb8 Ra4 60.
Kg3 Ra3+ 61. Kg2 Kg7 62. Rb7+ Kf6 63. Rb6+ Kg7 64. Rb7+ 1/2-1/2

[Event "Titled Tue 17th Jun Early"]
[Site "chess.com INT"]
[Date "2025.06.17"]
[Round "3"]
[White "Mora Munoz, Alejandro"]
[Black "Pranav, V"]
[Result "0-1"]
[WhiteTitle "FM"]
[BlackTitle "GM"]
[WhiteElo "2147"]
[BlackElo "2595"]
[WhiteFideId "4469844"]
[BlackFideId "25060783"]
[EventDate "2025.06.17"]

1. e4 e5 2. Nf3 Nc6 3. Bb5 a6 4. Ba4 Nge7 5. c3 Ng6 6. O-O d5 7. d3 Be7 8. Re1
O-O 9. Nbd2 Be6 10. Nf1 f6 11. Ng3 Qc8 12. exd5 Bxd5 13. Bb3 Bxb3 14. Qxb3+ Kh8
15. d4 exd4 16. cxd4 Bd6 17. d5 Nce5 18. Nd4 Qg4 19. Be3 Nh4 20. Qd1 f5 21. f3
Qg6 22. Bf4 Rfe8 23. Ne6 Rxe6 24. dxe6 Nexf3+ 25. gxf3 Bxf4 26. Kf2 Re8 27. Qd7
Bd6 28. Qf7 Bc5+ 29. Kf1 Nxf3 30. Qxg6 hxg6 31. Re2 Nd4 32. Re5 Bd6 33. Rd5 Nxe6
34. Re1 Kg8 35. Ne2 Ng5 36. Ng3 Rxe1+ 37. Kxe1 Nf3+ 38. Kf2 Nxh2 39. Ne2 Ng4+
40. Kf3 Kf7 41. Nf4 Nf6 42. Rd1 g5 43. Nd5 g4+ 44. Kf2 Nxd5 45. Rxd5 Ke6 46. Rd1
g5 47. Re1+ Kf6 48. Ke3 Ke5 49. Kd3+ Kf4 50. Re8 g3 0-1

[Event "Titled Tue 17th Jun Early"]
[Site "chess.com INT"]
[Date "2025.06.17"]
[Round "3"]
[White "Souleidis, Georgios"]
[Black "Flynn, Jacob"]
[Result "1/2-1/2"]
[WhiteTitle "IM"]
[BlackTitle "CM"]
[WhiteElo "2418"]
[BlackElo "2274"]
[WhiteFideId "4206827"]
[BlackFideId "2509393"]
[EventDate "2025.06.17"]

1. e4 e5 2. Nc3 Nf6 3. d4 exd4 4. Qxd4 Nc6 5. Qd3 Bc5 6. Bf4 d6 7. Qd2 O-O 8.
O-O-O Bb4 9. f3 Be6 10. Kb1 a5 11. Nge2 d5 12. a3 Bxc3 13. Nxc3 dxe4 14. Qxd8
Rfxd8 15. Rxd8+ Rxd8 16. fxe4 Ng4 17. Bxc7 Rd2 18. Bf4 Rf2 19. Bg3 Rd2 20. Kc1
Rd4 21. Be2 Nge5 22. Rd1 f6 23. Rxd4 Nxd4 24. Bd1 b5 25. Kd2 b4 26. axb4 axb4
27. Nd5 Ndc6 28. Be2 f5 29. Nc7 Bd7 30. exf5 Bxf5 31. Nd5 Kf7 32. Ne3 Be4 33.
Nc4 Ke6 34. Nxe5 Nxe5 35. Bf1 Kd5 36. c3 Nc4+ 37. Kc1 Ne3 38. Ba6 bxc3 39. bxc3
Bxg2 40. Bb7+ Kc5 41. Bxg2 Nxg2 42. Be5 g5 43. Kd2 Nh4 44. Ke3 Kd5 45. Bf6 Nf5+
46. Kd3 g4 47. c4+ Kc6 48. Ke4 g3 49. hxg3 Nxg3+ 50. Kd4 Nf5+ 51. Ke5 Nd6 52.
Kd4 Nxc4 53. Kxc4 h5 54. Bh4 Kd6 55. Kd4 Kc6 56. Ke4 Kd7 57. Kf5 Kc6 58. Kg5 Kb5
59. Kxh5 1/2-1/2